Statistics for Fallout 4 Quiz

Click here to take the quiz!

General Stats

  • This quiz has been taken 134 times
  • The average score is 11 of 14

Answer Stats

ClueAnswer% Correct
The vault you head forVault 111
97%
"The Great Green Jewel"Diamond City
95%
The Place you live atSanctuary Hills
93%
Military based factionBrotherhood Of Steel
92%
Wrinkled over radiated humansGhouls
92%
Detective of Diamond CityNick Valentine
92%
I lost my son named...Shaun
92%
The "Boogymen"Institute
91%
The year you enter the vault2077
87%
Where to find the last minutemenConcord
82%
The year you leave the vault2287
76%
Big green...Super mutants
62%
Group of citizens coming togetherMinutemen
49%
Rescue and save synthsRaiload
8%

Score Distribution

Percentile by Number Answered

Percent of People with Each Score

Your Score History

You have not taken this quiz